LEADER 00915nam0-22003011--450- 001 990008818760403321 005 20090305150345.0 035 $a000881876 035 $aFED01000881876 035 $a(Aleph)000881876FED01 035 $a000881876 100 $a20090305d1938----km-y0itay50------ba 101 0 $aita 102 $aIT 105 $ay-------001yy 200 1 $aDisposizioni transitorie riguardanti i dentisti pratici$fNino Pappalardo 210 $aTorino$cUTET$dstampa 1938 215 $a10 p.$d24 cm 300 $aEstr. da: Annali di diritto e procedura penale, a. 7, fasc. 1 (1938) 676 $a617.6$v12 rid.$zita 700 1$aPappalardo,$bNino$0403717 801 0$aIT$bUNINA$gRICA$2UNIMARC 901 $aBK 912 $a990008818760403321 952 $aBUSTA 12 (13) 8$b32680$fFGBC 959 $aFGBC 996 $aDisposizioni transitorie riguardanti i dentisti pratici$9807240 997 $aUNINA LEADER 00912cam0-22003611i-450- 001 990000521600403321 005 20060331100518.0 010 $a88-348-7019-0 035 $a000052160 035 $aFED01000052160 035 $a(Aleph)000052160FED01 035 $a000052160 100 $a20020821d1997----km-y0itay50------ba 101 0 $aita 102 $aIT 105 $ay-------001yy 200 1 $a<>mercato azionario italiano$fPatrizia Pia 210 $aTorino$cGiappichelli$d1997 215 $aXIV, 408 p.$d24 cm 610 0 $aAzioni 610 0 $aMercato 610 0 $aIntermediari mobiliari 676 $a332.632 2 676 $a332.632 700 1$aPia,$bPatrizia 801 0$aIT$bUNINA$gRICA$2UNIMARC 901 $aBK 912 $a990000521600403321 952 $a10 ECON 77$bDIS 3828$fDINEL 952 $aIV D 108$b31035$fFSPBC 959 $aDINEL 959 $aFSPBC 997 $aUNINA